La Ciotat : les noms de rues et d'autres sites - Statistiques

Statistiques générales
  • Ce quiz a été pris 7 fois
  • Le résultat moyen est 8 sur 18
Statistiques - réponses
Questions Réponses % Correct
Nom donné aux soldats de la Première Guerre mondiale et à une rue du centre de la station balnéaire. Les Poilus
100%
Frères inventeurs du cinématographe, auteurs du film "L'Arrivée d'un train en gare de La Ciotat". Ils donnent leur nom à une plage de la station ainsi qu'à une allée. Auguste et Louis Lumière
86%
Apôtre fidèle qui donne son nom à une avenue, une plage, une école élémentaire, une chapelle, un hôtel ainsi qu'à un quartier nord-est de La Ciotat. Saint Jean
71%
Commune limitrophe de La Ciotat. La gare de La Ciotat s'appelle désormais officiellement la "Gare de La Ciotat-______". Ceyreste
57%
Poète provençal, prix Nobel de littérature et ardent défenseur de l'occitan (du provençal). Il donne son nom à une avenue de La Ciotat ainsi qu'à une épicerie située sur cette même avenue. Frédéric Mistral
57%
Île proche de La Ciotat qui porte le nom d'une couleur. l'Île Verte
57%
Généralissime des forces alliées sur le front de l'Ouest durant la Première Guerre mondiale en 1918. Il donne son à une rue pavée dessinant un coude à La Ciotat, rue qui descend directement sur le vieux port. Ferdinand Foch
43%
Parc situé au sud de La Ciotat avec sa calanque, ses anses et son Belvédère du même nom. Le Parc du Mugel
43%
Apôtre et premier Pape qui donne nom à une calanque située sur l'île précédente. Saint Pierre
43%
Réalisateur d'origine arménienne connu pour ses films "Un singe en hiver" et "Le Corps de mon ennemi" entre autres. La municipalité de La Ciotat a décidé en octobre 2020 de donner son nom au parvis devant la Chapelle des Pénitents bleus. Henri Verneuil
29%
Réalisateur de "L'Armée des ombres" entre autres. Depuis 2017, une place de La Ciotat porte son nom. Jean-Pierre Melville
29%
Fête liturgique célébrée le 15 août qui commémore l'enlèvement au ciel de la plus sainte des femmes (réponse #10). Elle donne son nom à l'église de La Ciotat : "L'Église Notre-Dame de l'_______." L'Assomption
29%
Très sainte femme qui donne son nom à une baie bordant La Ciotat. La Vierge
29%
Poème épique du précédent (1859), rédigé en provençal et nom du personnage féminin principal de ce même poème. Il donne son nom (en français) à une impasse et une avenue de La Ciotat. Mireille
29%
Société qui détient en 2024 les chantiers navals de La Ciotat : "La Société ________ de Construction navale". Provençale
29%
Ancienne province de France au nord de la Provence. Elle donne son nom à une avenue de La Ciotat. Le Dauphiné
14%
Île des Antilles rattachée administrativement à la Guadeloupe, surnommée « l'île aux cent moulins » ou « la grande galette ». Elle donne son nom à une traverse à La Ciotat. Marie-Galante
14%
Ville de Norvège, théâtre d'une bataille navale et terrestre entre Alliés (France, Royaume-Uni et Norvège) et Allemands durant la "Drôle de guerre" (1940), bataille qui s'est soldée par une victoire alliée puis par une victoire allemande à la suite de la retraite des Alliés. Elle donne son nom à un boulevard à La Ciotat. Narvik
14%
Aucun quiz correspondant
Distribution des résultats
% des personnes avec chaque résultat
Percentile par nombre de réponses
Votre historique - résultats
Vous n’avez pas pris ce quiz